Normal view
MARC view
Entry Personal Name
001 - CONTROL NUMBER
- control field: 55909
003 - CONTROL NUMBER IDENTIFIER
- control field: OSt
005 - DATE AND TIME OF LATEST TRANSACTION
- control field: 20250801111959.0
008 - FIXED-LENGTH DATA ELEMENTS
- fixed length control field: 250801|| aca||aabn | a|a d
040 ## - CATALOGING SOURCE
- Original cataloging agency: OSt
- Transcribing agency: OSt
100 ## - HEADING--PERSONAL NAME
- Personal name: Gogoi, Chuchengfa Das, Silu Senapati, Tulika and Narah, Uttam
670 ## - SOURCE DATA FOUND
- Source citation: Work cat.: (OSt): Gogoi, Chuchengfa Das, Silu Senapati, Tulika and Narah, Uttam , Unravelling Assam’s water woes: Exploring floods, erosion and disaster governance in the Brahmaputra valley
